banner koha

Experiências nacionais de participação social / (Registro n. 8789)

MARC details
000 -LÍDER
campo de controle de tamanho fixo 01520nam a2200229 a 4500
001 - NÚMERO DE CONTROLE
campo de controle BS0003727
003 - IDENTIFICADOR DO NÚMERO DE CONTROLE
campo de controle BR-BrBNA
005 - DATA E HORÁRIO DA ÚLTIMA TRANSAÇÃO
campo de controle 20230418192408.0
008 - CAMPO DE DADOS FIXOS--INFORMAÇÃO GERAL
campo de controle de tamanho fixo 230308b |||||||| |||| 00| 0 por d
040 ## - FONTE DA CATALOGAÇÃO
Instituição da catalogação original BR-BrBNA
Idioma da catalogação por
Instituição que transcreveu o registro Biblioteca Nacional de Agricultura
041 ## - CÓDIGO DE IDIOMA
Código do idioma do texto/trilha sonora ou título diferente por
072 ## - CÓDIGO DE CATEGORIA DE ASSUNTO
Código de Categoria de Assunto D11
090 ## - NÚMERO DE CHAMADA LOCAL
Número de chamada D11 BS0003727
100 1# - ENTRADA PRINCIPAL--NOME PESSOAL
Nome pessoal Avritzer, Leonardo (org.)
245 1# - TÍTULO
Título Experiências nacionais de participação social /
260 3# - PUBLICAÇÃO, DISTRIBUIÇÃO, ETC.
Local de publicação, distribuição, etc. São Paulo, SP:
Nome do editor, distribuidor, etc. Cortez,
Data da publicação, distribuição, etc. 2009.
300 ## - DESCRIÇÃO FÍSICA
Extensão 159 p.
520 3# - NOTA DE RESUMO, ETC
Resumo, etc. O livro Experiências Nacionais de Participação Social é uma iniciativa do PRODEP - Projeto Democracia Participativa, um núcleo de pesquisas, ensino e extensão vinculado ao Departamento de Ciência Política da UFMG. O objetivo do livro é aprofundar a discussão acadêmica sobre a democracia no Brasil, entendendo que a participação e representação são elementos essenciais da democracia brasileira. Os temas tratados são republicanismo; pensamento social brasileiro; participação da juventude e participação no governo federal. Pretendemos apresentar ao leitor uma visão aprofundada dos problemas e potencialidades da democracia vista através desses diferentes temas. A obra apresenta, de forma inovadora, três perspectivas de análise da participação no governo federal. A primeira elaborada por intelectuais; a segunda; por membros do governo; e a terceira, pela sociedade civil.
650 ## - ASSUNTO--TERMO TÓPICO
Cabeçalho tópico ou nome geográfico ADMINISTRAÇÃO PÚBLICA
909 ## -
-- 202304
-- Sergio Santos
-- 56
-- Sergio Santos
942 ## - ELEMENTOS DE ENTRADA ADICIONADOS (KOHA)
Tipo de material Koha Livros
Exemplares
Situação do descarte Fonte da classificação ou esquema de arquivamento na estante Situação física Não pode ser emprestado Coleção Biblioteca de origem Biblioteca atual Total de empréstimos Número de telefone completo Código de barras Data de último acesso Número do exemplar Tipo de material Koha Situação das perdas Data de aquisição Fonte de aquisição Qualificador de local codificado
  Classificação AGRIS     Acervo Cultural Biblioteca Nacional de Agricultura - Binagri Biblioteca Nacional de Agricultura - Binagri   D11 BS0003727 D11 BS0003727 12/04/2023 01 Livros   2023-04-04 Doação D11

BINAGRI

Telefone: (61)3218-2567/2388/3357/2097 - binagri@agro.gov.br

Ministério da Agricultura e Pecuária , Esplanada dos Ministérios, Bloco D, Anexo B, Brasília/DF, CEP: 70.043-900